Les peintures des manuscrits safavis de 1502 à 1587.

محفوظ في:

المؤلف الرئيسي: Stchoukine, Ivan, 1885-1975 (مؤلف)

التنسيق: كتاب

اللغة: French

منشور في: Paris : P. Geuthner, 1959.

سلاسل: Bibliotheque archeologique et historique ; 67.
BAH ; 67.

الموضوعات:

الوسوم: إضافة وسم

لا توجد وسوم, كن أول من يضع وسما على هذه التسجيلة!

رقم الطلب: DS93 .F8 v.67

LEADER 01057namaa2200301 4500
001 22593
003 OSt
005 20211128111729.0
008 130303s1959 fr fh g b 000 0 fre d
952 |0 0  |1 0  |2 lcc  |3 V.67  |4 0  |6 DS0093 F8 V.00067  |7 1  |9 23552  |a ARCE  |b ARCE  |d 2021-11-28  |l 0  |o DS93 .F8 v.67  |p 1021425  |r 2021-11-28 00:00:00  |w 2021-11-28  |y BK 
999 |c 28720  |d 28720 
010 |a 60032204 
040 |c ARCE Library 
043 |a a-ir--- 
050 4 |a DS93 .F8 v.67 
100 1 |a Stchoukine, Ivan,   |d 1885-1975,  |e author  |9 40450 
245 1 4 |a Les peintures des manuscrits safavis de 1502 à 1587. 
264 1 |a Paris :   |b P. Geuthner,   |c 1959. 
300 |a 233 pages :   |b plates, facsimiles ;   |c 29 cm. 
490 1 |a Bibliotheque archeologique et historique ;   |v 67. 
490 1 |a BAH ;   |v 67. 
504 |a Bibliography : pages [201]-205. 
650 0 |a Miniature painting  |z Iran. 
650 0 |a Illumination of books and manuscripts  |z Iran. 
830 0 |a Bibliotheque archeologique et historique ;   |v 67. 
830 0 |a BAH ;   |v 67. 
901 |a reviewed 
942 |c BK  |2 lcc